| 000 -LEADER |
| fixed length control field |
01474nam a2200193 4500 |
| 020 ## - INTERNATIONAL STANDARD BOOK NUMBER |
| ISBN |
9789811656811 (ebook) |
| 082 ## - DEWEY DECIMAL CLASSIFICATION NUMBER |
| Classification number |
330.9154 |
| Item number |
M57473 2023 |
| 245 ## - TITLE STATEMENT |
| Title |
Regional development planning and practice : contemporary issues in South Asia / Mukunda Mishra, R. [and three others], editors. |
| 250 ## - EDITION STATEMENT |
| Edition statement |
First edition. |
| 260 ## - PUBLICATION, DISTRIBUTION, ETC. (IMPRINT) |
| Place of publication |
Singapore : |
| Name of publisher |
Springer Nature Singapore Pte Ltd, |
| Year of publication |
©2022. |
| 300 ## - PHYSICAL DESCRIPTION |
| Number of Pages |
1online resources, xiv, 456 pages. |
| 490 ## - SERIES STATEMENT |
| Series statement |
Cambridge Elements ; Elements in Public and Nonprofit Administration |
| 500 ## - GENERAL NOTE |
| General note |
Includes bibliographical references. |
| 505 ## - FORMATTED CONTENTS NOTE |
| Formatted contents note |
Introduction to regional development planning -- Concepts and approaches to regional development -- Regional disparities and inequality in South Asia -- Planning techniques and models -- Rural development and regional transformation -- Urbanization and regional growth -- Environmental sustainability and regional planning -- Infrastructure development and regional connectivity -- Governance and policy frameworks in South Asia -- Case studies of regional development in South Asian countries -- Challenges and future directions in regional planning -- Index.
|
| 520 ## - SUMMARY, ETC. |
| Summary, etc |
This book provides a comprehensive examination of regional development and offers practical insights for planners, policymakers, and researchers in the field of regional and environmental planning.
|
| 650 ## - SUBJECT ADDED ENTRY--TOPICAL TERM |
| Topical Term |
Regional planning and South Asia. |
| 700 ## - ADDED ENTRY--PERSONAL NAME |
| Personal name |
Sigh R. B., editor. |
| 942 ## - ADDED ENTRY ELEMENTS (KOHA) |
| Koha item type |
Electronic Books |